00546nam a2200205 a 4500001001300000003000900013005001700022008004100039020001000080082001500090100001600105245005600121260004300177300000900220500003500229505001000264650001500274650003500289700001600324nice12345678IN_TiNIC20260116012056.0050524s1955 newa grp 000 0 eng  ac10000a291.4bMEH aMeher, Baba aGod Speaksb the Theme of Creation and Its Purpose. aNew YorkbDodd, Mead and Companyc1955 a255p aincludes index and biblioraphy2 aIndex aMeher Baba aComparative Religion-Mysticism1 aMeher, Baba